UBT Library

Healthy young children : (Record no. 40764)

000 -LEADER
fixed length control field 00809cam a22002777a 4500
001 - CONTROL NUMBER
control field 17114969
005 - DATE AND TIME OF LATEST TRANSACTION
control field 20180123045404.0
008 - FIXED-LENGTH DATA ELEMENTS--GENERAL INFORMATION
fixed length control field 120110s2012 dcua fb 001 0 eng
010 ## - LIBRARY OF CONGRESS CONTROL NUMBER
LC control number 2012930709
020 ## - INTERNATIONAL STANDARD BOOK NUMBER
International Standard Book Number 9781928896821
020 ## - INTERNATIONAL STANDARD BOOK NUMBER
International Standard Book Number 1928896820
035 ## - SYSTEM CONTROL NUMBER
System control number (OCoLC)ocn811562388
040 ## - CATALOGING SOURCE
Original cataloging agency URC
Transcribing agency URC
Modifying agency IWA
-- DLC
041 ## - LANGUAGE CODE
Language code of text/sound track or separate title eng
042 ## - AUTHENTICATION CODE
Authentication code lccopycat
080 ## - UNIVERSAL DECIMAL CLASSIFICATION NUMBER
Universal Decimal Classification number 618.92 kat
082 00 - DEWEY DECIMAL CLASSIFICATION NUMBER
Classification number 618.92 kat
Edition number 23
100 ## - Rafti
Rafti 8
101 ## - Shkurtesa
Shkurtesa shm
245 00 - TITLE STATEMENT
Title Healthy young children :
Statement of responsibility, etc Susan S. Aronson, editor.
504 ## - BIBLIOGRAPHY, ETC. NOTE
Bibliography, etc Includes bibliographical references (p. 239) and index.
906 ## - LOCAL DATA ELEMENT F, LDF (RLIN)
a 7
b cbc
c copycat
d 2
e ncip
f 20
g y-gencatlg
942 ## - ADDED ENTRY ELEMENTS (KOHA)
Source of classification or shelving scheme
Item type Books
Holdings
Withdrawn status Lost status Source of classification or shelving scheme Damaged status Not for loan Collection code Permanent location Current location Shelving location Date acquired Total Checkouts Full call number Barcode Date last seen Price effective from Koha item type
          Koleksioni i përgjithshem UBT - Lipjan UBT - Lipjan Koleksioni i përgjithshem 01/23/2018   618.92 kat 002-2996062 01/23/2018 01/23/2018 Books
UBT Library © 2015-2024. All rights reserved University Education for Business and Technology